Kahaan/ (Record no. 22364)

000 -LEADER
fixed length control field 00412nam a22001691a 4500
020 ## - INTERNATIONAL STANDARD BOOK NUMBER
ISBN 9788170162384
082 ## - DEWEY DECIMAL CLASSIFICATION NUMBER
Classification number H301 (FTr.)
Item number JOG/K
100 ## - MAIN ENTRY--AUTHOR NAME
Personal name Joginder Paul
245 ## - TITLE STATEMENT
Title Kahaan/
Statement of responsibility, etc by Joginder Paul
260 ## - PUBLICATION, DISTRIBUTION, ETC. (IMPRINT)
Place of publication New Delhi:
Name of publisher Kithabghar,
Year of publication 1995.
300 ## - PHYSICAL DESCRIPTION
Number of Pages 300p.
650 ## - SUBJECT ADDED ENTRY--TOPICAL TERM
Topical Term Translation Urdu Stories
650 ## - SUBJECT ADDED ENTRY--TOPICAL TERM
Topical Term Stories Hindi
650 ## - SUBJECT ADDED ENTRY--TOPICAL TERM
Topical Term Literature Hindi
650 ## - SUBJECT ADDED ENTRY--TOPICAL TERM
Topical Term Literature
942 ## - ADDED ENTRY ELEMENTS (KOHA)
Koha item type Book
Holdings
Withdrawn status Lost status Damaged status Not for loan Permanent Location Current Location Date acquired Cost, normal purchase price Full call number Accession Number Cost, replacement price Price effective from Koha item type
        Sree Sankaracharya University of Sanskrit Sree Sankaracharya University of Sanskrit 08.01.2015 125.00 H301 (FTr.) JOG/K 011459 0.00 08.01.2015 Book